LEADER 02238nam0 2200421 i 450 001 BVEE014478 005 20170908093200.0 012 $aoti- teem t.ue reme (3) 1539 (R)$2fei 100 $a20110318d1539 ||||0itac50 ba 101 | $alat 102 $ach 181 1$6z01$ai $bxxxe 182 1$6z01$an 200 1 $a˜Petri Bembi œEpistolarum, Leonis decimi pont. max. nomine scriptarum libri 16. ... Cum indiculo, quo quibus & quoties scribat commonstratur 210 $a[Basilea$cHieronymus Froben]$d1539$eBasileae$gper Hier. Frobenium & Nic. Episcopium$h1539 mense Martio 215 $a711, [17] p.$d8º 300 $aMarca di Froben (J52) sul front. e in fine 300 $aRom 300 $aSegn.: A-2Y⁸2Z⁴ 300 $aFregi xil. 316 $a1 esemplare. Nota ms. sul front. - Timbro ovale BUS sul v. del front. e in fine.$5IT-NA0070, RARI 0289 620 $dBasilea$3BVEL000292 700 1$aBembo$b, Pietro$3CFIV048916$4070$039289 702 0$aLeo$c $3RMLV022500 712 02$aFroben, Hieronymus & Episcopius, Nikolaus$d <1.>$3MILV205980$4650 790 1$aMedici$b, Giovanni : de'$f <1475-1521>$3PUVV340046$zLeo 790 0$aLeone$c $3SBNV032029$zLeo 791 02$aEpiscopius, Nikolaus <1.> & Froben, Hieronymus$3MILV210356$zFroben, Hieronymus & Episcopius, Nikolaus <1.> 791 02$aFroben, Hieronimus, & Episcopius Nicolaus$3PALV055003$zFroben, Hieronymus & Episcopius, Nikolaus <1.> 791 02$aOfficina Frobeniana$3PUVV330806$zFroben, Hieronymus & Episcopius, Nikolaus <1.> 801 3$aIT$bIT-NA0079$c20110318 850 $aIT-NA0070 912 $aBVEE014478 921 $aBVEM001283$bIn scudo: Caduceo con due serpenti attorcigliati, sorretto da mani che escono da nuvole. Sulla sommità poggia un volatile.$cJ52$dSul front. e in fine. 950 0$aBiblioteca Universitaria$d BURARI 0289$e BUSI 0000204025 B 1 esemplare. Nota ms. sul front. - Timbro ovale BUS sul v. del front. e in fine.$fZ $i20110318 977 $a BU 996 $aEpistolarum, Leonis decimi pont. max. nomine scriptarum libri 16. ... Cum indiculo, quo quibus & quoties scribat commonstratur$91479695 997 $aUNISANNIO